Statistiques concernant Le métro au cinéma

Cliquez ici pour prendre le quiz!

Statistiques générales

  • Ce quiz a été pris 155 fois
  • Le résultat moyen est 5 sur 15

Statistiques - réponses

Réponse% Correct
Joker
89%
Le fabuleux Destin d'Amélie Poulain
75%
Spiderman 2
71%
The Amazing Spiderman
57%
John Wick 2
43%
Into the Spiderverse
36%
Matrix
36%
Subway
22%
Die Hard 3
17%
Collateral
16%
Peur sur la Ville
10%
L'Impasse
9%
Speed
7%
Old Boy
2%
Cloverfield
1%

Distribution des résultats

Percentile par nombre de réponses

% des personnes avec chaque résultat

Votre développement - résultats

Vous n’avez pas pris ce quiz